+Building Strong Banks (Record no. 5216)

MARC details
005 - DATE AND TIME OF LATEST TRANSACTION
control field 20250626073204.0
020 ## - INTERNATIONAL STANDARD BOOK NUMBER
International Standard Book Number 1-58906-043-1
082 ## - DEWEY DECIMAL CLASSIFICATION NUMBER
Classification number 332.1 ENO
245 ## - TITLE STATEMENT
Title +Building Strong Banks
260 ## - PUBLICATION, DISTRIBUTION, ETC.
Place of publication, distribution, etc. Washington,
Name of publisher, distributor, etc. International Monetary Fund,
Date of publication, distribution, etc. 2002.
300 ## - PHYSICAL DESCRIPTION
Extent vii, 389p.: ill.; figure, table,
Other physical details references,
Dimensions 23cm.
700 ## - ADDED ENTRY--PERSONAL NAME
Other authors/Editors Ed. ENOCH, C . MARSTON, D . & TAYLOR, M .
856 ## - ELECTRONIC LOCATION AND ACCESS
Link text Access Online Book
Electronic name Banking
Path http//www.imf.org
942 ## - ADDED ENTRY ELEMENTS (KOHA)
Source of classification or shelving scheme Dewey Decimal Classification
Koha item type Books
Holdings
Date last seen Total checkouts Full call number Barcode Cost, replacement price Price effective from Koha item type Lost status Source of classification or shelving scheme Damaged status Not for loan Withdrawn status Home library Current library Shelving location Date acquired Source of acquisition Cost, normal purchase price
06/26/2025   001.6 ENO MZA0002081 15000.00 06/26/2025 Books   Dewey Decimal Classification       CBE Mwanza CBE Mwanza General Collection 07/17/2007 Library Budget 50000.00